| 000 | 01451nam a2200421 c 4500 | ||
|---|---|---|---|
| 001 | 51872 | ||
| 003 | ES-MaCES | ||
| 005 | 20210729120409.0 | ||
| 008 | 210716s2020 sp ||| ||spa d | ||
| 017 |
_aM 25590-2020 _bDL |
||
| 020 | _a9788446049999 | ||
| 040 |
_aES-MaCES _bspa _cES-MaCES |
||
| 041 | 1 |
_aspa _heng |
|
| 100 | 1 |
_926386 _aWright, Erik Olin |
|
| 245 | 1 | 0 |
_aCómo ser anticapitalista en el Siglo XXI _cErik Olin Wright ; trad. de Cristina Piña Aldao |
| 260 |
_aMadrid _bAkal _c[2020] |
||
| 300 |
_a188, [3] p. _c22 cm |
||
| 490 | 1 |
_aPensamiento crítico _v91 |
|
| 500 | _aTraducción de: How to be an anticapitalist in the twenty-first Century | ||
| 541 | _cCompra | ||
| 650 | 4 |
_acapitalismo _927116 |
|
| 650 | 4 |
_adesigualdad económica _929371 |
|
| 650 | 4 |
_adesigualdad social _930789 |
|
| 650 | 4 |
_adegradación del medio ambiente _930722 |
|
| 650 | 4 |
_asocialismo _927128 |
|
| 650 | 4 |
_adesarrollo económico y social _929234 |
|
| 650 | 4 |
_adesarrollo sostenible _930785 |
|
| 650 | 4 |
_adesarrollo político _929225 |
|
| 650 | 4 |
_aparticipación popular _929756 |
|
| 650 | 4 |
_ateoría económica _927076 |
|
| 650 | 4 |
_ateoría política _927233 |
|
| 653 | 1 | 0 | _aCiencias Sociales-Políticas |
| 700 | 1 |
_938209 _aPiña Aldao, Cristina _etr. |
|
| 740 | 0 | 2 | _aHow to be an anticapitalist in the twenty-first Century |
| 830 |
_aPensamiento crítico (Akal) _936286 _v91 |
||
| 902 | _aLIB Libro | ||
| 942 |
_2CES _cBK _h7.0. |
||
| 999 |
_c51872 _d51872 |
||